Cartoon Catchphrases - Statistics

General Stats
  • This quiz has been taken 81 times
  • The average score is 5 of 24
Answer Stats
Hint Answer % Correct
"Oh bother" Winnie The Pooh
43%
"We're blasting off again!" Team Rocket
36%
Andale Andale Andale!! Arriba!! Arriba! Speedy Gonzales
35%
"Dumb babies" Angelica Pickles
32%
"Move it football head!" Helga G Pataki
32%
"Man, I'm pretty" Johnny Bravo
32%
"A baby's gotta do what a baby's gotta do" Tommy Pickles
32%
"Brain blast!" Jimmy Neutron
30%
"What's the sitch?" Kim Possible
28%
"For shame, Doc" Bugs Bunny
25%
"I like chocolate milk" Cheese
20%
"Alright gang, let's split up!" Fred Jones
19%
"Good news everyone!" Professor Farnsworth
19%
"Buttered Toast" Ed
17%
"EEVILLL!!! AWAAAY!!!" Mermaid Man
16%
"The things I do for love" Courage the Cowardly Dog
14%
"Hello nurse!" Wakko and Yakko
14%
"Smashing!" Nigel Thornberry
13%
"As the ancient Hawaiians used to say..." Tito Makani
10%
"Cuuuurrrrsseeesss!!!!!" Mojo Jo Jo
9%
"Freak out!" Freakazoid
6%
"Spoon!" The Tick
6%
"Hi Ho Diggety!" Dog (CatDog)
4%
"Heavens to Murgatroyd!" Snagglepuss
4%
No matching quizzes found
Score Distribution
Percent of People with Each Score
Percentile by Number Answered
Your Score History
You have not taken this quiz